000 00337pab a2200133 454500
008 180718b2000 xxu||||| |||| 00| 0 eng d
245 _aUNHEALTHY trends: a symposium on the state of our public health system
260 _c2000
300 _ap.12-70
362 _aMay
650 _aHealth services
773 _aSeminar
909 _a44748
999 _c44748
_d44748